Territorio y sociedad : (Registro nro. 6423)
[ vista simple ]
| 000 -CABECERA | |
|---|---|
| Campo de control | 01257nam a2200361 a 4500 |
| 005 - FECHA Y HORA DE LA ULTIMA TRANSACCION | |
| Campo de control | 20160823020002.0 |
| 008 - ELEMENTOS DE LONGITUD FIJA—INFORMACION GENERAL | |
| Campo de control | 151111b ck ||||| |||| 00| 0 spa d |
| 020 ## - ISBN | |
| ISBN | 9587012984 |
| 040 ## - FUENTE DE CATALOGACIÓN | |
| Agencia catalogadora original | CO-BoIAVH |
| Agencia transcriptora | CO-BoIAVH |
| 041 0# - IDIOMA | |
| Código de idioma para texto/pista de sonido o título separado | Español |
| 044 ## - PAÍS DE PUBLICACIÓN | |
| País de publicación | Colombia |
| 082 14 - NUMERO DE CLASIFICACION DECIMAL DEWEY | |
| Número de clasificación | 307.1 |
| Número del ítem | A17t |
| 100 1# - ASIENTO PRINCIPAL--NOMBRE PERSONAL | |
| Nombre personal | Acevedo, Jorge |
| 9 (RLIN) | 41392 |
| 245 10 - MENCION DE TITULO | |
| Título | Territorio y sociedad : |
| Parte restante del título | el caso del plan de ordenamiento territorial de la ciudad de Bogotá |
| 260 2# - PUBLICACION, DISTRIBUCION, ETC. (PIE DE IMPRENTA) | |
| Lugar de publicación, distribución, etc. | Bogotá: |
| Nombre del editor, distribuidor, etc. | Minambiente, |
| -- | Universidad Nacional de Colombia, |
| -- | CES, |
| Fecha de publicación, distribución, etc. | 2003. |
| 300 ## - DESCRIPCION FISICA | |
| Extensión | 612 p. |
| Dimensiones | 24 c.m. |
| 650 14 - ASIENTO SECUNDARIO DE MATERIA - TERMINO TEMATICO | |
| Término temático o nombre geográfico como elemento de entrada | Planificación regional |
| Subdivisión geográfica | Bogotá |
| 9 (RLIN) | 41393 |
| 650 24 - ASIENTO SECUNDARIO DE MATERIA - TERMINO TEMATICO | |
| Término temático o nombre geográfico como elemento de entrada | Ordenamiento territorial |
| Subdivisión geográfica | Bogotá |
| 9 (RLIN) | 41394 |
| 650 24 - ASIENTO SECUNDARIO DE MATERIA - TERMINO TEMATICO | |
| Término temático o nombre geográfico como elemento de entrada | Política social |
| Subdivisión geográfica | Bogotá |
| 9 (RLIN) | 41395 |
| 700 1# - ASIENTO SECUNDARIO - NOMBRE PERSONAL | |
| Nombre personal | Aldana, Eduardo |
| 9 (RLIN) | 37161 |
| 700 1# - ASIENTO SECUNDARIO - NOMBRE PERSONAL | |
| Nombre personal | Ardila, Gerardo |
| Término de relación | Compilador |
| 9 (RLIN) | 41354 |
| 700 1# - ASIENTO SECUNDARIO - NOMBRE PERSONAL | |
| Nombre personal | Carrizosa Umaña, Julio |
| 9 (RLIN) | 3604 |
| 700 1# - ASIENTO SECUNDARIO - NOMBRE PERSONAL | |
| Nombre personal | Cuervo, Luis Mauricio |
| 9 (RLIN) | 41355 |
| 700 1# - ASIENTO SECUNDARIO - NOMBRE PERSONAL | |
| Nombre personal | Jaramillo Panesso, Raúl |
| 9 (RLIN) | 41356 |
| 700 1# - ASIENTO SECUNDARIO - NOMBRE PERSONAL | |
| Nombre personal | Maldonado, María Mercedes |
| 9 (RLIN) | 41357 |
| 700 1# - ASIENTO SECUNDARIO - NOMBRE PERSONAL | |
| Nombre personal | Marino, Juana |
| 9 (RLIN) | 41358 |
| 700 1# - ASIENTO SECUNDARIO - NOMBRE PERSONAL | |
| Nombre personal | Paredes, Luis R. |
| 9 (RLIN) | 41359 |
| 700 1# - ASIENTO SECUNDARIO - NOMBRE PERSONAL | |
| Nombre personal | Pérez Preciado, Alfonso |
| 9 (RLIN) | 8677 |
| 700 1# - ASIENTO SECUNDARIO - NOMBRE PERSONAL | |
| Nombre personal | Salmona, Rogelio |
| 9 (RLIN) | 41360 |
| 700 1# - ASIENTO SECUNDARIO - NOMBRE PERSONAL | |
| Nombre personal | Samper, Germán |
| 9 (RLIN) | 41361 |
| 700 1# - ASIENTO SECUNDARIO - NOMBRE PERSONAL | |
| Nombre personal | Hammen, Thomas Van der |
| 9 (RLIN) | 41396 |
| 942 ## - ELEMENTOS ADICIONALES (KOHA) | |
| Tipo de ítem | Libro |
| Sistema de clasificación | Dewey Decimal Classification |
| Koha issues (borrowed), all copies | 1 |
| Withdrawn status | Lost status | Sistema de Clasificación | Damaged status | No para préstamo | Colección | Inventariado | Ubicación Permanente | Ubicación actual | Fecha de adquisición | Fuente de Valor | Valor | Total Checkouts | Número topográfico | Inventario / Código de Barras | Date last seen | Date checked out | Ejemplar | Price effective from | Forma de adquisición | Tipo de material |
|---|---|---|---|---|---|---|---|---|---|---|---|---|---|---|---|---|---|---|---|---|
| Dewey Decimal Classification | General | Inventariado 2017 | Bogotá | Bogotá | 21/07/2008 | Instituto | 15000.00 | 3 | LB-307.1 A17t | 024204 | 25/07/2019 | 23/07/2019 | Ej.1 | 04/12/2012 | Libro |